| 000 | 00826nam a22002777a 4500 | ||
|---|---|---|---|
| 003 | CHAP | ||
| 005 | 20220329135841.0 | ||
| 008 | 971013s1957 r 00010 d | ||
| 010 | _a43273 | ||
| 011 | _a44245 | ||
| 035 | _a48383 | ||
| 040 | _cCHAP | ||
| 082 |
_a574.87 _bF7 |
||
| 100 | 0 | 0 |
_aFrey-Wyssling, A. _943263 |
| 245 | _aMacromoleculas in cell structure | ||
| 260 |
_aCambridge : _bHarvard University Press, _c1957 |
||
| 300 |
_a112 p. _b: ilus. ; láms. |
||
| 590 |
_aBATCH-UPD _b10 _c20130110 _lUCH01 _h1848 |
||
| 590 |
_aBATCH-UPD _b10 _c20130410 _lUCH01 _h1217 |
||
| 590 |
_aBATCH-UPD _b10 _c20130914 _lUCH01 _h0942 |
||
| 590 |
_aCONVERSION _b10 _c20130109 _lUCH01 _h1324 |
||
| 650 | 1 | 4 |
_aCitología. _923489 |
| 901 | _aBK | ||
| 942 | _cLIBRO | ||
| 949 |
_a574.87 F7 _bBC _cLIBRO _d33724000473708 _eLIBRO _h12731 _i48383 _si |
||
| 999 |
_c43273 _d43273 |
||